| 000 | 00565nam a2200205Ia 4500 | ||
|---|---|---|---|
| 003 | OSt | ||
| 005 | 20250411103922.0 | ||
| 008 | 210210b1995 xxu||||| |||| 00| 0 eng d | ||
| 040 | _cAL | ||
| 041 | _aKonkani / Kanadi | ||
| 082 | _a891.468 MIRF | ||
| 100 |
_aMIRANDA (Lilli) _959228 _bಲಿಲ್ಲಿ ಮಿರಾಂದ |
||
| 245 |
_aFulan falan _bಫುಲಾಂ ಫಳಾಂ |
||
| 260 |
_aManglur _bJak & Jil Prakashan _c1995 |
||
| 300 | _a138 | ||
| 650 |
_aPhulam _9208210 |
||
| 690 |
_aKonkani Miscellaneous _959229 |
||
| 906 | _a049887 | ||
| 942 |
_2ddc _cBK |
||
| 999 |
_c98827 _d98827 |
||